Calor y frío : (Registro nro. 3418)

Detalles MARC
000 -CABECERA
Longitud fija campo de control 01241nam a2200337 a 4500
003 - • IDENTIFICADOR DELl NÚMERO DE CONTROL
Identificador del número de control CO-ViMGA
005 - • FECHA Y HORA DE LA ÚLTIMA TRANSACCIÓN
Fecha y hora de la última transacción 20230915232153.0
008 - • CÓDIGOS DE INFORMACIÓN DE LONGITUD FIJA
Códigos de información de longitud fija 141112s2004 ck r 000 u spa d
017 ## - NÚMERO DE COPYRIGHT O DE DEPÓSITO LEGAL
Número de copyright o de depósito legal B 37782 - 2007 Oficina Depósito Legal Barcelona
020 ## - • NÚMERO INTERNACIONAL NORMALIZADO PARA LIBROS
Número Internacional Normalizado para Libros (ISBN) 9788426136213
040 ## - FUENTE DE LA CATALOGACIÓN
Centro catalogador de origen CO-ViMGA
Lengua de catalogación spa
Centro transcriptor CO-ViMGA
041 ## - • CÓDIGO DE LENGUA
Código de lengua del texto/banda sonora o título independiente spa ita
080 ## - NÚMERO DE LA CLASIFICACIÓN DECIMAL UNIVERSAL
Número de la Clasificación Decimal Universal 087.5 : 592/599(211/213)
082 04 - • NÚMERO DE LA CLASIFICACIÓN DECIMAL DEWEY
Número de clasificación (R) I591.7 B17c
100 1# - • PUNTO DE ACCESO PRINCIPAL-NOMBRE DE PERSONA
Nombre de persona Bartolozzi, Alessandro
245 10 - • TITULO PROPIAMENTE DICHO
Título Calor y frío :
Resto del título los animales que habitan en las regiones cálidas y frías de la Tierra :
-- en los desiertos, las llanuras, los ríos, los bosques y las costas ilustraciones de Alessandro Bartolozzi ; [texto, Cristiano Bertolucci, Francesco Milo ; traducción de Raquel Soláá García]
250 ## - • MENCIÓN DE EDICIÓN
Mención de edición 1a. ed.
300 ## - • DESCRIPCIÓN FÍSICA
Extensión 27 p. (algunas pleg.) principalmente il. col. 25 x 29 cm
490 ## - • MENCIÓN DE SERIE
Mención de serie Contrastes
594 ## -
-- Traducción de : Caldo e freddo
650 14 - • PUNTO DE ACCESO ADICIONAL DE MATERIA - TÉRMINO DE MATERIA
Término de materia o nombre geográfico como elemento inicial Animales - Libros infantiles
700 1# - • PUNTO DE ACCESO ADICIONAL - NOMBRE DE PERSONA
Nombre de persona Bertolucci, Cristiano
926 ## -
-- BNALCALA SG_PETANTI 12/593127 FONDO_MODE 1
942 ## - ENTRADA DE ELEMENTOS AGREGADOS (KOHA)
Fuente de clasificaión o esquema Dewey Decimal Classification
Koha [por defecto] tipo de item LIbro
956 ## - LOCALIZACIÓN Y ACCESO ELECTRÓNICO LOCAL (OCLC)
Nombre de la fuente 2
Existencias
Perdido Fuente de clasificación o esquema Estado Físico No para préstamo Forma de adquisición Localización permanente Localización actual Fecha adquisición Serie de enumeración / cronolog&íacute;a Préstamos totales Signatura completa Código de barras Fecha última consulta Número de copia Fecha del precio de reemplazo Tipo de item de Koha
  Dewey Decimal Classification     Sala Infantil Segundo Piso Biblioteca Pública Germán Arciniegas - Villavicencio Biblioteca Pública Germán Arciniegas - Villavicencio 12/04/2015 11/dic/2014   I591.7 B17c 27826 12/04/2015 Ej. 1 12/04/2015 LIbro









Instituto Departamental de Cultura del Meta - Red Departamental de Bibliotecas Públicas del Meta.